[Event "AUTO-INT-1156"]
[Site "http://www.queenalice.com/game.php?id=516703"]
[Date "2009.1.3"]
[Round "1"]
[White "ciceroeduardo"]
[Black "Putz"]
[Result "1-0"]
[WhiteElo "1720"]
[BlackElo "1553"]

1. e4 d5 2. exd5 Qxd5 3. Nc3 Qe5+ 4. Be2 Nf6 5. Nf3 Qf5 6. d4 Bd7 7. Nh4 Qe6 8.
O-O g6 9. d5 Qe5 10. Nf3 Qd6 11. Be3 Ng4 12. Qd4 Nxe3 13. fxe3 f6 14. Ne4 Qb6
15. Qxb6 axb6 16. c4 Bh6 17. Kf2 f5 18. Nc3 Na6 19. Rfd1 O-O-O 20. a4 Kb8 21.
Rd4 Bg7 22. Rd2 Bxc3 23. bxc3 Nc5 24. Bd1 Ne4+ 25. Kf1 Nxd2+ 26. Nxd2 e6 27. Bf3
c6 28. Rb1 exd5 29. Rxb6 Rhe8 30. Kf2 dxc4 31. Nxc4 Be6 32. Na5 Rd2+ 33. Kg3 Bd5
34. Rxb7+ Kc8 35. Rxh7 Bxf3 36. gxf3 Rxe3 37. Rh8+ Kc7 38. Rh7+ Kd8 39. Nxc6+
Ke8 40. c4 Rc2 41. Rh8+ Kd7 42. Nb8+ Kd6 43. a5 Ra3 44. a6 Rxc4 45. h4 f4+ 46.
Kg4 Ke6 47. Re8+ Kf7 48. Re5 Rb4 49. Rc5 Rxb8 50. Rc4 Rf8 51. Rc7+ Ke8 52. a7
Kd8 53. Rg7 Ra6 54. Kg5 Rf5+ 55. Kg4 Ke8 56. Rg8+ Rf8 57. Rg7 Rf7 58. Rg8+ Rf8
59. Rg7 Rh8 60. Kxf4 Rxh4+ 61. Kg5 Rd4 62. Rg8+ Kf7 63. a8=Q Rxa8 64. Rxa8 Rd5+
65. Kf4 g5+ 66. Ke4 Ke6 67. Ra6+ Rd6 68. Rxd6+ Kxd6 69. Kf5 Kd5 70. Kxg5 Ke5 71.
f4+ Ke6 72. f5+ Kf7 73. Kf4 Kf6 74. Ke4 Kf7 75. Ke5 1-0

[Event "AUTO-INT-1156"]
[Site "http://www.queenalice.com/game.php?id=516704"]
[Date "2009.1.3"]
[Round "1"]
[White "Putz"]
[Black "ciceroeduardo"]
[Result "0-1"]
[WhiteElo "1564"]
[BlackElo "1610"]

1. e4 e5 2. Nf3 Nc6 3. d3 Bc5 4. Be3 Bxe3 5. fxe3 Nf6 6. c4 O-O 7. d4 Nxe4 8.
Nxe5 Qh4+ 9. g3 Qf6 10. Qh5 Qf2+ 11. Kd1 Nb4 12. Nd3 Qc2+ 13. Ke1 Nxd3+ 14. Bxd3
Qc1+ 15. Qd1 Qxe3+ 16. Qe2 Qc1+ 17. Qd1 Qxb2 18. Nd2 Ng5 19. Nb3 Re8+ 20. Kf1 d6
21. h3 Bxh3+ 22. Rxh3 Nxh3 23. Bc2 c5 24. Qc1 Qxc1+ 25. Rxc1 Re3 26. dxc5 dxc5
27. Bf5 Ng5 28. Nxc5 Rf3+ 29. Kg2 Rxf5 30. Nxb7 Rb8 31. Nd6 Rb2+ 32. Kg1 Nf3+
33. Kf1 Nd2+ 34. Ke2 Nb3+ 35. Kd1 Rf1# 0-1

[Event "AUTO-INT-1156"]
[Site "http://www.queenalice.com/game.php?id=516719"]
[Date "2009.1.3"]
[Round "1"]
[White "marysson"]
[Black "Putz"]
[Result "0-1"]
[WhiteElo "1262"]
[BlackElo "1539"]

1. g4 d5 2. g5 e6 3. h4 g6 4. d4 Ne7 5. Bg2 Bg7 6. Nc3 O-O 7. Be3 Nf5 8. Qd3
Nxe3 9. Qxe3 Nc6 10. a3 Nxd4 11. Qc1 b6 12. Nf3 Nf5 13. Qd2 Bxc3 14. bxc3 a5 15.
Ne5 Bb7 16. Rg1 Nxh4 17. a4 Nxg2+ 18. Rxg2 c5 19. c4 dxc4 20. Nxc4 Qxd2+ 21.
Nxd2 Bxg2 22. e3 f6 0-1

[Event "AUTO-INT-1156"]
[Site "http://www.queenalice.com/game.php?id=516720"]
[Date "2009.1.3"]
[Round "1"]
[White "Putz"]
[Black "marysson"]
[Result "1-0"]
[WhiteElo "1542"]
[BlackElo "1351"]

1. e4 c5 2. Bc4 e6 3. Nf3 Bd6 4. Na3 Bc7 5. Nb5 d6 6. Nxc7+ Qxc7 7. Bb5+ Bd7 8.
Bxd7+ Nxd7 9. c4 Nb6 10. d3 Nh6 11. h3 f5 12. Ng5 Qd7 13. Qh5+ Nf7 14. Nxf7 Qxf7
15. Qxf7+ Kxf7 16. exf5 exf5 17. O-O Rhe8 18. Bf4 Rad8 19. Bg5 Re2 20. Bxd8 Na4
21. b3 Nc3 22. f4 b5 23. cxb5 Nxb5 24. Rf3 g6 25. a4 Nc3 26. Rf2 Re3 27. Rc2
Ne2+ 28. Kf1 Nd4 29. Rc4 Rxd3 30. b4 h6 31. bxc5 dxc5 32. Rxc5 Rb3 33. Rc7+ Ke8
34. Bf6 Nc2 35. Rxc2 g5 36. Rc7 gxf4 37. Rxa7 f3 38. Re1+ 1-0

[Event "AUTO-INT-1156"]
[Site "http://www.queenalice.com/game.php?id=516729"]
[Date "2009.1.3"]
[Round "1"]
[White "Mikael"]
[Black "Putz"]
[Result "1-0"]
[WhiteElo "1649"]
[BlackElo "1501"]

1. e4 d5 2. exd5 Qxd5 3. Nc3 Qe5+ 4. Be2 c5 5. Nf3 Qf6 6. O-O e5 7. Re1 a6 8.
Nxe5 g6 9. Bc4 Be6 10. Nxf7 Kxf7 11. Rxe6 Qg7 12. Qf3+ Nf6 13. Qxb7+ Nbd7 14.
Qxa8 Bd6 15. Rxd6+ 1-0

[Event "AUTO-INT-1156"]
[Site "http://www.queenalice.com/game.php?id=516730"]
[Date "2009.1.3"]
[Round "1"]
[White "Putz"]
[Black "Mikael"]
[Result "0-1"]
[WhiteElo "1524"]
[BlackElo "1913"]

1. e4 c5 2. c4 Nc6 3. a3 Nf6 4. d3 e5 5. Nf3 h6 6. Bd2 Be7 7. Be2 O-O 8. O-O d6
9. Nc3 Be6 10. Be3 Ng4 11. Qb3 Rb8 12. Rfe1 Nxe3 13. fxe3 a6 14. Nd5 b5 15.
Nxe7+ Qxe7 16. Qc3 b4 17. Qc2 f5 18. b3 a5 19. exf5 Bxf5 20. e4 Bg4 21. h3 Bxf3
22. Bxf3 Qg5 23. Red1 Rxf3 24. Rf1 Rbf8 25. Rf2 Rxf2 26. Qxf2 Rxf2 27. Kxf2 Nd4
28. axb4 Qf4+ 0-1

[Event "New Year game"]
[Site "http://www.queenalice.com/game.php?id=517555"]
[Date "2009.1.5"]
[Round "-"]
[White "Popeye"]
[Black "Putz"]
[Result "1/2-1/2"]
[WhiteElo "1649"]
[BlackElo "1522"]

1. d4 d5 2. Nc3 a6 3. h3 Nf6 4. Bg5 Ne4 5. Nxe4 dxe4 6. e3 h6 7. Bf4 Nc6 8. c3
Bf5 9. f3 g5 10. Be5 Nxe5 11. dxe5 Qxd1+ 12. Rxd1 Bg7 13. f4 O-O 14. Ne2 Rfd8
15. Nd4 Rxd4 16. cxd4 gxf4 17. exf4 b6 18. Be2 a5 19. b3 f6 20. g4 Bd7 21. h4
fxe5 22. dxe5 c5 23. Rxd7 e6 24. g5 Kh7 25. Re7 Rf8 26. Rxe6 Rxf4 27. Kd2 Kg8
28. Ke3 Kf7 29. Rxb6 hxg5 30. hxg5 Bxe5 31. g6+ Kg7 32. Rg1 Rh4 33. Rg5 Bd4+ 34.
Kd2 Rh3 35. Re6 Be3+ 36. Kc3 Bxg5+ 37. Kc4 Rh2 38. Bg4 e3 39. Kxc5 Rxa2 40. Kd5
Bh6 41. Ke5 e2 42. Kf5 Rb2 43. Re7+ Kf8 44. Rf7+ Kg8 45. Bxe2 Rxe2 46. Kf6 Rf2+
47. Ke7 Rb2 48. Kf6 Rxb3 49. Ke6 1/2-1/2

[Event "Jogo de Ano Novo"]
[Site "http://www.queenalice.com/game.php?id=517730"]
[Date "2009.1.6"]
[Round "-"]
[White "PedroBritto"]
[Black "Putz"]
[Result "1-0"]
[WhiteElo "1507"]
[BlackElo "1550"]

1. e4 e5 2. Nf3 d6 3. d4 f6 4. dxe5 fxe5 5. Ng5 Qd7 6. Bc4 h6 7. Be6 Qe7 8. Qh5+
Kd8 9. Nf7+ Qxf7 10. Qxf7 Bxe6 11. Qxe6 Nf6 12. Qc4 Nc6 13. O-O Kd7 14. Nc3 Rd8
15. b4 a5 16. bxa5 Nxa5 17. Qb5+ Nc6 18. Qxb7 Rb8 19. Qa6 Be7 20. Nd5 Ra8 21.
Qb5 Rhb8 22. Qc4 Ng4 23. a4 Bh4 24. Ne3 Bxf2+ 25. Kh1 Bxe3 26. Rf7+ Ne7 27. Rxg7
Nf2+ 28. Kg1 Nxe4+ 29. Bxe3 Nc5 30. Qg4+ Ne6 31. Rh7 Rg8 32. Qh4 Rg7 33. Rxh6
Nf5 34. Qf6 Nxh6 35. Bxh6 Rf8 36. Qh4 Rf4 37. Qe1 Rgg4 38. Bxf4 Nxf4 39. g3 Nh3+
40. Kg2 Ng5 41. a5 Re4 42. Qd2 Ne6 43. a6 Nd4 44. a7 Re2+ 45. Qxe2 Nxe2 46. a8=Q
e4 47. Qxe4 Nc3 48. Qf5+ Kc6 49. Qf3+ Nd5 50. c4 Kc5 51. Qxd5+ Kb4 52. Rc1 Kb3
53. Qb5+ Ka3 54. Ra1# 1-0

[Event "AUTO-INT-1167"]
[Site "http://www.queenalice.com/game.php?id=521348"]
[Date "2009.1.12"]
[Round "1"]
[White "Putz"]
[Black "Archer"]
[Result "0-1"]
[WhiteElo "1572"]
[BlackElo "1658"]

1. d4 d5 2. Nf3 Qd6 3. e3 Bg4 4. h3 Bxf3 5. Qxf3 a6 6. Bd3 c5 7. Qf4 Qxf4 8.
exf4 cxd4 9. O-O Nd7 10. Re1 Ngf6 11. c3 dxc3 12. bxc3 e6 13. Ba3 Bxa3 14. Nxa3
Nc5 15. Bc2 O-O 16. f5 Rfe8 17. Rab1 e5 18. Rb4 e4 19. g4 h6 20. Ba4 Re5 21. c4
Nd3 22. Rbb1 Nxe1 23. Rxe1 d4 24. f3 e3 25. f4 Re4 26. g5 hxg5 27. fxg5 Nh5 28.
Nc2 Rd8 29. Bb3 d3 30. Rxe3 dxc2 31. Rc3 Rd1+ 32. Kf2 Rf4+ 33. Ke2 c1=Q 34. Rxc1
Rxc1 35. f6 g6 36. c5 Rxc5 37. a4 a5 0-1

[Event "AUTO-INT-1167"]
[Site "http://www.queenalice.com/game.php?id=521349"]
[Date "2009.1.12"]
[Round "1"]
[White "Archer"]
[Black "Putz"]
[Result "1-0"]
[WhiteElo "1680"]
[BlackElo "1544"]

1. e4 e5 2. Bc4 Nf6 3. Bxf7+ Kxf7 4. Qf3 c5 5. d3 Qa5+ 6. Bd2 Qb5 7. Bc3 d6 8.
Na3 Bg4 9. Qe3 Qb6 10. h3 Be6 11. Ne2 Nc6 12. O-O h5 13. f4 Nb4 14. fxe5 dxe5
15. Bxe5 Bxa2 16. b3 Qa5 17. Bb2 Re8 18. Nc3 Bd6 19. Nxa2 h4 20. c3 Nxa2 21.
Rxa2 Qc7 22. Kh1 Kg8 23. Nb5 Nd5 24. Nxc7 Nxe3 25. Nxe8 Be7 26. Rf3 Nd1 27. Ba3
b6 28. c4 Kh7 29. Nc7 Nc3 30. Rc2 Bd6 31. Ne6 Re8 32. Ng5+ Kh6 33. Nf7+ Kh5 34.
Nxd6 Re6 35. Rf5+ Kg6 36. Nf7 Rf6 37. Nh8+ Kh7 38. Rxc3 Kxh8 39. Rxf6 gxf6 40.
b4 cxb4 41. Bxb4 a5 42. Ba3 1-0

[Event "AUTO-INT-1167"]
[Site "http://www.queenalice.com/game.php?id=521350"]
[Date "2009.1.12"]
[Round "1"]
[White "Putz"]
[Black "An0nymous"]
[Result "1-0"]
[WhiteElo "1538"]
[BlackElo "1470"]

1. d4 d5 2. g3 c6 3. Bg2 g6 4. Bf4 Na6 5. a3 Bg7 6. c3 Bf5 7. Nf3 Bg4 8. Ne5
Bxe5 9. dxe5 Bf5 10. Nd2 Qd7 11. f3 O-O-O 12. e4 Bh3 13. Bxh3 Qxh3 14. Qe2 f5
15. O-O-O dxe4 16. fxe4 fxe4 17. Nxe4 Rxd1+ 18. Kxd1 Qd7+ 19. Kc2 Qd5 20. Rd1
Qb5 21. Qxb5 cxb5 22. h4 e6 23. Nd6+ Kc7 24. Nf7 1-0

[Event "AUTO-INT-1167"]
[Site "http://www.queenalice.com/game.php?id=521351"]
[Date "2009.1.12"]
[Round "1"]
[White "An0nymous"]
[Black "Putz"]
[Result "0-1"]
[WhiteElo "1469"]
[BlackElo "1551"]

1. e3 Nf6 2. c4 e5 3. Nc3 d6 4. Nd5 Bd7 5. Nxf6+ Qxf6 6. Nf3 Nc6 7. Be2 Bg4 8.
O-O Bf5 9. h3 Nb4 10. Ne1 Qg6 11. d3 e4 12. d4 Bxh3 13. g3 Bxf1 14. Bxf1 h5 15.
Qb3 d5 16. cxd5 O-O-O 17. d6 Bxd6 18. Bc4 f5 19. Bd2 h4 20. Bf7 Qf6 21. Bxb4
hxg3 22. Bxd6 Rxd6 23. fxg3 Qh6 24. Kf1 Qh3+ 25. Ng2 Qxg3 26. Be6+ Kb8 27. Kg1
Rb6 28. Qd5 Rxb2 29. Kf1 Qxg2+ 30. Ke1 Qg1# 0-1

[Event "Challenge"]
[Site "http://www.queenalice.com/game.php?id=525179"]
[Date "2009.1.18"]
[Round "-"]
[White "Putz"]
[Black "PedroBritto"]
[Result "0-1"]
[WhiteElo "1528"]
[BlackElo "1515"]

1. Nf3 d5 2. d4 Nc6 3. e3 Nf6 4. Qd2 Ne4 5. Qe2 Bf5 6. h3 Nb4 7. Qb5+ Nc6 8.
Qxb7 Na5 9. Bb5+ Bd7 10. Qxd5 c6 11. Qxe4 cxb5 12. O-O f5 13. Qd3 e6 14. b4 Nc4
15. Qb3 Bd6 16. Na3 Bb8 17. Nxc4 bxc4 18. Qxc4 Qc7 19. Qd3 Bc6 20. Ne5 Bd5 21.
Qb5+ Ke7 22. Qa4 g5 23. b5 Bc4 24. Qxc4 Rc8 25. Qc6 a6 26. Qxa8 axb5 27. Ba3+
Kf6 28. Nd3 Qh2# 0-1

[Event "Challenge"]
[Site "http://www.queenalice.com/game.php?id=546988"]
[Date "2009.2.26"]
[Round "-"]
[White "Putz"]
[Black "fernando2008"]
[Result "1-0"]
[WhiteElo "1527"]
[BlackElo "1481"]

1. d4 e5 2. dxe5 Qh4 3. e4 Bc5 4. Qf3 Nc6 5. Bf4 b6 6. Nc3 Bb7 7. Na4 O-O-O 8.
Nxc5 bxc5 9. O-O-O Nh6 10. Kb1 g5 11. Bg3 Nb4 12. Bxh4 1-0

[Event "Challenge"]
[Site "http://www.queenalice.com/game.php?id=549588"]
[Date "2009.3.3"]
[Round "-"]
[White "Putz"]
[Black "fernando2008"]
[Result "1-0"]
[WhiteElo "1541"]
[BlackElo "1504"]

1. d4 e5 2. dxe5 Na6 3. Nf3 d5 4. exd6 Qxd6 5. Qxd6 cxd6 6. Nc3 Be7 7. Nb5 Bd7
8. e4 Nc5 9. Nc7+ Kd8 10. Nxa8 Nxe4 11. Bd3 Nxf2 12. Kxf2 Bc6 13. Ng5 h6 14.
Nxf7+ 1-0

[Event "AUTO-INT-1226"]
[Site "http://www.queenalice.com/game.php?id=549622"]
[Date "2009.3.3"]
[Round "1"]
[White "kievelrs"]
[Black "Putz"]
[Result "1-0"]
[WhiteElo "1698"]
[BlackElo "1523"]

1. d4 d5 2. Nc3 Nf6 3. f3 c6 4. Bf4 b5 5. Qd3 a6 6. h3 g6 7. g4 e6 8. a4 Qa5 9.
Bd2 Bg7 10. b4 Qxb4 11. Nxb5 Qe7 12. Nc3 O-O 13. Bg5 a5 14. e4 Ba6 15. Qe3 Bxf1
16. Kxf1 Na6 17. e5 Nb4 18. Qd2 Qc7 19. exf6 Bh8 20. Nge2 c5 21. h4 cxd4 22.
Nxd4 Qc4+ 23. Nde2 Nc6 24. Ra3 Bxf6 25. Bh6 1-0

[Event "AUTO-INT-1226"]
[Site "http://www.queenalice.com/game.php?id=549623"]
[Date "2009.3.3"]
[Round "1"]
[White "Putz"]
[Black "kievelrs"]
[Result "0-1"]
[WhiteElo "1547"]
[BlackElo "1729"]

1. d4 d5 2. Nf3 f6 3. g3 Nc6 4. a3 Bf5 5. Bg2 g5 6. O-O Qd6 7. Nc3 a6 8. Be3 h5
9. Na4 g4 10. Nh4 Bh7 11. c3 b5 12. Bf4 e5 13. dxe5 fxe5 14. Qxd5 Nge7 15. Qxd6
cxd6 16. Rad1 bxa4 17. Bg5 Rb8 18. Rxd6 Rg8 19. Bxc6+ Nxc6 20. Rxc6 Rxg5 21.
Rxa6 Rxb2 22. e3 Bd3 23. Re6+ Kd7 24. Ra6 Bxa6 25. Rd1+ Kc6 26. Ng2 Bb7 0-1

[Event "AUTO-INT-1226"]
[Site "http://www.queenalice.com/game.php?id=549636"]
[Date "2009.3.3"]
[Round "1"]
[White "kane"]
[Black "Putz"]
[Result "1-0"]
[WhiteElo "1587"]
[BlackElo "1562"]

1. e4 e5 2. Nf3 Nc6 3. Bb5 a6 4. Bxc6 dxc6 5. Nxe5 Qe7 6. d4 Nf6 7. Bg5 h6 8.
Bxf6 Qxf6 9. O-O Be6 10. f4 Bd6 11. f5 Bd7 12. Nc3 O-O-O 13. Qe2 b5 14. Nxd7
Rxd7 15. Qf3 c5 16. e5 Bxe5 17. Qa8# 1-0

[Event "AUTO-INT-1226"]
[Site "http://www.queenalice.com/game.php?id=549637"]
[Date "2009.3.3"]
[Round "1"]
[White "Putz"]
[Black "kane"]
[Result "0-1"]
[WhiteElo "1538"]
[BlackElo "1551"]

1. d4 d5 2. Nf3 Nf6 3. e3 c6 4. Bd3 Qd6 5. O-O a6 6. Nc3 Bg4 7. Na4 Bxf3 8. Qxf3
Qb4 9. Nc3 g6 10. a3 Qd6 11. Re1 Bh6 12. b4 O-O 13. Na4 Nbd7 14. e4 Bxc1 15.
Raxc1 b5 16. Nb2 dxe4 17. Bxe4 Qxd4 18. c3 Qd6 19. Bxc6 Ne5 20. Rxe5 Rac8 21.
Bd5 Qxe5 0-1

[Event "AUTO-INT-1226"]
[Site "http://www.queenalice.com/game.php?id=549646"]
[Date "2009.3.3"]
[Round "1"]
[White "Putz"]
[Black "marcelob2"]
[Result "1-0"]
[WhiteElo "1541"]
[BlackElo "1673"]

1. e4 Nf6 2. d3 d5 3. exd5 Nxd5 4. c4 Nf6 5. Bf4 e6 6. Nc3 c5 7. Nb5 Na6 8. g3
Be7 9. Bg2 Bd7 10. Qa4 O-O 11. Bxb7 Nb4 12. O-O-O a6 13. Bxa8 Qxa8 14. Nh3 axb5
15. Qxa8 Rxa8 16. a3 Nc6 17. cxb5 Nd4 18. b6 Bc8 19. Rhe1 Bd8 20. Re5 Bxb6 21.
Rde1 Nf3 22. Ng5 1-0

[Event "AUTO-INT-1226"]
[Site "http://www.queenalice.com/game.php?id=549647"]
[Date "2009.3.3"]
[Round "1"]
[White "marcelob2"]
[Black "Putz"]
[Result "0-1"]
[WhiteElo "1696"]
[BlackElo "1518"]

1. c4 c5 2. e3 Nf6 3. Nc3 d6 4. d4 Bf5 5. Nge2 Qa5 6. Qb3 b6 7. Bd2 Nc6 8. Nd5
Nb4 9. Nc7+ Kd8 10. Nxa8 Nc2+ 11. Kd1 Qa6 12. Rc1 g6 13. Rxc2 Bxc2+ 14. Kxc2 Qb7
15. Nxb6 Qxb6 16. Qxb6+ axb6 17. a3 cxd4 18. Nxd4 Ne4 19. f3 Nxd2 20. Kxd2 e5
0-1